| 000 | 00504ngm a22001937a 4500 | ||
|---|---|---|---|
| 005 | 20170301104521.0 | ||
| 008 | 160216b xxu||||| |||| 00| 0 spa d | ||
| 041 | _aspa | ||
| 082 | _a76 DVD | ||
| 245 | _aParque Nacional Manuel Antonio | ||
| 260 | _c2008 | ||
| 300 | _a25 minutos | ||
| 650 |
_aPARQUE NACIONAL MANUEL ANTONIO _921627 |
||
| 650 |
_aCOSTA RICA _940831 |
||
| 650 |
_aCOSTA PACĂFICO _940832 |
||
| 650 |
_aRESERVA FORESTAL _940833 |
||
| 650 |
_aTURISMO DE AVENTURA _911938 |
||
| 942 | _cDVD | ||
| 999 |
_c8928 _d8928 |
||